[Event "Coppa del Mondo FIDE 2025"]
[Site "Goa"]
[Date "06.11.2025"]
[Round "1F"]
[White "Mamedov, Rauf"]
[Black "Svane, Rasmus"]
[Result "1-0"]
[WhiteElo "2655"]
[BlackElo "2614"]
[EventDate "2025.11.01"]
[EventType "k.o."]

1. e4 e5 2. Nf3 Nc6 3. Bb5 a6 4. Ba4 Nf6 5. Qe2 b5 6. Bb3 Bc5 7. c3 d6 8.
d3 h6 9. h3 Bb6 10. Nbd2 Be6 11. Nf1 Qd7 12. Ng3 Ne7 13. Be3 Bxe3 14. fxe3
Ng6 15. Rf1 O-O 16. Nh2 Bxb3 17. axb3 Qe6 18. Nf5 d5 19. exd5 Nxd5 20. Ng4
Nge7 21. c4 bxc4 22. bxc4 Nxf5 23. cxd5 Qc8 24. Qf3 Nd6 25. Nxe5 Qb7 26.
Rf2 Qb5 27. Rd1 c5 28. Qg3 c4 29. Nc6 Rad8 30. Nxd8 Rxd8 31. dxc4 Qxc4 32.
Qf4 Qb3 33. Rfd2 Nc4 34. Rd3 Qb5 35. Rd4 Nxb2 36. R1d2 a5 37. d6 Rd7 38.
Qe4 Qb8 39. Rxb2 Qxb2 40. Qe8+ Kh7 41. Qxd7 1-0

[Event "Coppa del Mondo FIDE 2025"]
[Site "Goa"]
[Date "06.11.2025"]
[Round "1F"]
[White "Vitiugov, Nikita"]
[Black "Narayanan, S.L."]
[Result "1/2-1/2"]
[WhiteElo "2654"]
[BlackElo "2617"]
[EventDate "2025.11.01"]
[EventType "k.o."]

1. e4 c5 2. c3 d5 3. exd5 Qxd5 4. Nf3 Nc6 5. d4 Bf5 6. Be3 cxd4 7. Nxd4 Nf6
8. Nxf5 Qxf5 9. Bd3 Qd5 10. O-O e6 11. Be2 Qxd1 12. Rxd1 Nd5 13. Bg5 Be7
14. Bxe7 Kxe7 15. Nd2 Rad8 16. Nb3 Ne5 17. g3 g5 18. a4 f5 19. a5 f4 20.
Nd4 a6 21. Re1 Kf6 22. Nf3 Nf7 23. Ra4 e5 24. Bc4 g4 25. Nd2 Ng5 26. Bxd5
Rxd5 27. Ne4+ Nxe4 28. Raxe4 fxg3 29. hxg3 h5 30. b4 Re8 31. Rc4 Re7 32.
Re2 Kf5 33. Rc8 e4 34. Rf8+ Kg5 35. Re3 Rf5 36. Rd8 Rf3 37. Rd5+ Kg6 38.
Rd6+ Kg5 39. Rd5+ Kg6 40. Rd6+ 1/2-1/2

[Event "Coppa del Mondo FIDE 2025"]
[Site "Goa"]
[Date "06.11.2025"]
[Round "1F"]
[White "Sargissian, Gabriel"]
[Black "Rodshtein, Maxim"]
[Result "1-0"]
[WhiteElo "2624"]
[BlackElo "2647"]
[EventDate "2025.11.01"]
[EventType "k.o."]

1. d4 g6 2. Nf3 Bg7 3. e4 d6 4. c3 Nf6 5. Bd3 O-O 6. O-O Nbd7 7. Re1 e5 8.
Nbd2 Re8 9. Nf1 a5 10. Ng3 Qe7 11. Bg5 Qf8 12. h3 Kh8 13. Qd2 Ng8 14. Rad1
h6 15. Be3 Qe7 16. a4 Nf8 17. Bb5 c6 18. Bc4 Bd7 19. dxe5 dxe5 20. Qd6 Be6
21. Qxe7 Rxe7 22. Nd2 h5 23. Ngf1 Nf6 24. f3 N6d7 25. Bxe6 Nxe6 26. Nb3 Kh7
27. Nfd2 Bh6 28. Bf2 b5 29. Ra1 Nf4 30. Reb1 Nd3 31. Kf1 Ree8 32. Ke2 Nxf2
33. Kxf2 Nb6 34. Ke2 Nxa4 35. Nf1 Ra7 36. Ra2 c5 37. Rd1 c4 38. Na1 Nc5 39.
Rd5 Nd3 40. Kd1 Rb8 41. b3 a4 42. b4 Kg7 43. Nc2 h4 44. Na3 Rab7 45. Nh2
Bf4 46. Ng4 f5 47. Nf2 Nc1 48. Rc2 Nb3 49. Re2 Kf6 50. Kc2 Rb6 51. Re1 Bg3
52. Re2 Kg5 53. Nd1 Bf4 54. Ne3 R6b7 55. Re1 Rb6 56. Re2 R8b7 57. Re1 Rf6
58. Nxb5 fxe4 59. Ng4 exf3 60. gxf3 Re6 61. Nd6 Rc7 62. Ne4+ Kf5 63. Nd6+
Rxd6 64. Rxd6 a3 65. Ra6 Rd7 66. Rxa3 Rd2+ 67. Kb1 Rd3 68. b5 Rd5 69. Ra7
Rxb5 70. Ra8 Kg5 71. Rf8 Ra5 72. Kb2 1-0

[Event "Coppa del Mondo FIDE 2025"]
[Site "Goa"]
[Date "06.11.2025"]
[Round "1F"]
[White "Adams, Michael"]
[Black "Cheparinov, Ivan"]
[Result "0-1"]
[WhiteElo "2646"]
[BlackElo "2626"]
[EventDate "2025.11.01"]
[EventType "k.o."]

1. e4 c5 2. Nf3 Nc6 3. Bb5 Nf6 4. Nc3 g6 5. e5 Nh5 6. Bxc6 dxc6 7. d3 Ng7
8. h3 Ne6 9. O-O Bg7 10. Re1 O-O 11. a4 a5 12. Be3 b6 13. Qd2 Nd4 14. Bxd4
cxd4 15. Ne4 c5 16. Qf4 Ra7 17. b3 Rd7 18. Nfd2 Rd5 19. Nc4 Qc7 20. Ned2
Bb7 21. Qg3 Rdd8 22. e6 Qxg3 23. fxg3 Bh6 24. Nf1 f6 25. Nxb6 Rd6 26. Nc4
Ra6 27. Nfd2 Bd5 28. Re2 Bxd2 29. Nxd2 Rxe6 30. Rxe6 Bxe6 31. g4 Bd5 32.
Re1 Kf7 33. Kf2 Re8 34. g5 Rc8 35. h4 Rc6 36. Rb1 Rb6 37. gxf6 exf6 38. Rc1
Ke7 39. Re1+ Re6 40. Rb1 Bxg2 41. Nc4 Bd5 42. Nxa5 Re5 43. b4 Rf5+ 44. Ke1
Bg2 45. Ke2 cxb4 46. Nc4 Bf3+ 47. Ke1 Rh5 48. Rxb4 Rxh4 49. a5 Rh2 50. Nd2
Bc6 51. Rc4 Rh1+ 52. Kf2 Rh2+ 53. Ke1 Ba8 54. Rc8 Bd5 55. a6 Rh1+ 56. Kf2
Ra1 57. Rc7+ Ke6 58. a7 h5 0-1

[Event "Coppa del Mondo FIDE 2025"]
[Site "Goa"]
[Date "06.11.2025"]
[Round "1F"]
[White "Martinez Alcantara, Jose Eduardo"]
[Black "Ivic, Velimir"]
[Result "1/2-1/2"]
[WhiteElo "2644"]
[BlackElo "2628"]
[EventDate "2025.11.01"]
[EventType "k.o."]

1. c4 Nf6 2. g3 e6 3. Nf3 d5 4. Bg2 Be7 5. O-O O-O 6. d3 c5 7. Ne5 Qc7 8.
f4 a6 9. e4 dxe4 10. dxe4 Nfd7 11. Nf3 b5 12. Qe2 Nc6 13. Be3 bxc4 14. Nbd2
a5 15. Nxc4 Ba6 16. Rfc1 a4 17. Nfd2 Rfd8 18. Qf2 Nb4 19. Bf1 Nf6 20. Ne5
Bxf1 21. Qxf1 a3 22. b3 Qb7 23. Rc4 Nd7 24. Nef3 Nb6 25. Rcc1 Bf6 26. e5
Be7 27. Qe2 Rd3 28. Ne1 Rd7 29. Bf2 Rad8 30. Ne4 Rd5 31. h4 Qc6 32. Rc3 h6
33. h5 Nd7 34. Nc2 Qb7 35. Nxb4 cxb4 36. Rc4 f5 37. exf6 Nxf6 38. Re1 Kh8
39. Nxf6 Bxf6 40. Qxe6 Rxh5 41. Qe4 Qxe4 42. Rcxe4 Rhd5 43. R1e2 Bc3 44.
Kg2 Kh7 45. g4 h5 46. gxh5 Rxh5 47. Be1 Rc5 48. Kf3 Rd3+ 49. Kg4 Rd1 50.
Bh4 Rg1+ 51. Kf3 Ra1 52. Be7 Rb5 53. Bd6 Rd1 54. Be5 Rc5 55. Kg4 Rd2 56.
Rxd2 Bxd2 57. Re2 Bc3 58. Kf5 Kg8 59. Rc2 Kf7 60. Ke4 Rc8 61. Bxc3 bxc3 62.
Kd3 Ke6 63. Ke4 g6 64. b4 Rc4+ 65. Kd3 Rxb4 66. Rxc3 Rxf4 67. Ke2 Ra4 68.
Kf3 g5 69. Kg3 Kd5 70. Rb3 Ke5 71. Rb5+ Kf6 72. Rb6+ Kf5 73. Rb5+ Ke4 74.
Rb3 Kf5 75. Rb5+ Kg6 76. Rb3 Kh5 77. Rc3 Rg4+ 78. Kh3 Ra4 79. Rb3 1/2-1/2

[Event "Coppa del Mondo FIDE 2025"]
[Site "Goa"]
[Date "06.11.2025"]
[Round "1G"]
[White "Praggnanandhaa, R"]
[Black "Kuybokarov, Temur"]
[Result "1-0"]
[WhiteElo "2771"]
[BlackElo "2535"]
[EventDate "2025.11.01"]
[EventType "k.o."]

1. d4 d5 2. Nf3 Nf6 3. e3 c5 4. Nbd2 cxd4 5. exd4 Nc6 6. c3 Bf5 7. Bb5 e6
8. Ne5 Qb6 9. Qa4 Rc8 10. Ndf3 Be7 11. O-O O-O 12. Re1 Be4 13. Bg5 Rfd8 14.
Re2 a6 15. Bd3 Bxd3 16. Nxd3 Ne4 17. Bxe7 Nxe7 18. Rae1 Nf5 19. Nfe5 Nfd6
20. h4 Qb5 21. Qxb5 Nxb5 22. a4 Nbd6 23. a5 f6 24. Ng4 h5 25. Ne3 Kf7 26.
Nf1 Nc4 27. f3 Ned6 28. Rxe6 Rc7 29. Ng3 Nxa5 30. Nf4 Ndc4 31. R6e2 g6 32.
Ne6 Rdd7 33. Nxc7 Rxc7 34. Nf1 Nb3 35. Ne3 Nb6 36. Nc2 Na5 37. Nb4 Nac4 38.
Nd3 Nd6 39. Nf4 Nf5 40. Re6 Rc6 41. Rxc6 bxc6 42. Ra1 Nc4 43. Rxa6 Nxb2 44.
Rxc6 Nc4 45. Rc7+ Ke8 46. Nxd5 1-0

[Event "Coppa del Mondo FIDE 2025"]
[Site "Goa"]
[Date "06.11.2025"]
[Round "1G"]
[White "Yu, Yangyi"]
[Black "Blohberger, Felix"]
[Result "1-0"]
[WhiteElo "2720"]
[BlackElo "2513"]
[EventDate "2025.11.01"]
[EventType "k.o."]

1. e4 e5 2. Nf3 Nc6 3. Bb5 Nf6 4. d3 d6 5. c3 Bd7 6. O-O g6 7. Re1 Bg7 8.
Nbd2 O-O 9. Nf1 Re8 10. Bg5 h6 11. Bh4 Na5 12. Bxd7 Qxd7 13. Bxf6 Bxf6 14.
Ne3 Bg7 15. a4 Nc6 16. b4 a6 17. Qb3 Nd8 18. Rad1 c6 19. Nc4 Qc7 20. a5 Ne6
21. d4 Rad8 22. Nb6 Nf8 23. d5 Nd7 24. Nxd7 Rxd7 25. dxc6 bxc6 26. h3 Qb7
27. Qa4 Rb8 28. Nd2 Qb5 29. Qxb5 Rxb5 30. Nc4 Bf8 31. Rd3 Rd8 32. Red1 c5
33. Na3 Rbb8 34. bxc5 Rbc8 35. cxd6 Rc6 36. Nc2 Rdxd6 37. Rxd6 Bxd6 38. Nb4
Bxb4 39. cxb4 Rc4 40. f3 Rxb4 41. Rd6 Ra4 42. Rxa6 Ra2 43. h4 h5 44. Ra8+
Kg7 45. a6 Kf6 46. a7 Kg7 47. g4 Kf6 48. Kf1 Kg7 49. g5 Kh7 50. Ke1 Kg7 51.
Kd1 Kh7 52. Kc1 Kg7 53. Kb1 Ra6 54. Kb2 Ra5 55. Kb3 Ra6 56. Kb4 Ra1 57. Kc5
Ra2 58. Kc6 Ra1 59. Kd6 Ra5 60. Kc6 Ra1 61. Kd6 Ra5 62. Rb8 Rxa7 63. Kxe5
Ra5+ 64. Kf4 Ra4 65. Rb7 Rc4 66. Rd7 Ra4 67. Ke3 Ra3+ 68. Rd3 Ra1 69. Kf4
Rh1 70. Kg3 Rg1+ 71. Kh2 Ra1 72. Kg2 Rb1 73. Rd7 Kf8 74. Kg3 Kg7 75. Ra7
Rc1 76. Ra3 Rg1+ 77. Kh2 Rb1 78. Kg2 Rb2+ 79. Kg3 Rb1 80. Rc3 Ra1 81. Rb3
Rc1 82. Rb7 Ra1 83. e5 Re1 84. f4 Kf8 85. Kf2 Re4 86. Kf3 Re1 87. Rb6 Kg7
88. Ra6 Kg8 89. Ra3 Rh1 90. Kg3 Rg1+ 91. Kf3 Rh1 92. Ra8+ Kg7 93. Ra7 Re1
94. Rb7 Kg8 95. Rb2 Kg7 96. Re2 Rh1 97. Kg3 Rg1+ 98. Kf3 Rh1 99. Kg3 Rg1+
100. Rg2 Re1 101. Rc2 Re3+ 102. Kg2 Kg8 103. Rc7 Kg7 104. Kf2 Re4 105. Kf3
Re1 106. Rc6 Kg8 107. Rb6 Kg7 108. Rb7 Kg8 109. Re7 Kf8 110. Ra7 Kg7 111.
Rb7 Kg8 112. Rb6 Kg7 113. e6 fxe6 114. Rb7+ Kg8 115. Ra7 Kf8 116. Ra5 Kf7
117. Ra4 Rf1+ 118. Ke3 Re1+ 119. Kd4 Rd1+ 120. Ke5 Rd5+ 121. Ke4 Rd7 122.
Rb4 Ra7 123. Rc4 Rd7 124. Rc5 Ra7 125. Ke5 Rb7 126. Kd6 Rb4 127. Rc7+ Kf8
128. Ke5 Ra4 129. Rb7 Rc4 130. Kf6 Rxf4+ 131. Kxg6 Rxh4 132. Kh6 Rf4 133.
g6 Kg8 134. Rb8+ 1-0

[Event "Coppa del Mondo FIDE 2025"]
[Site "Goa"]
[Date "06.11.2025"]
[Round "1G"]
[White "Karthikeyan, Murali"]
[Black "Idani, Pouya"]
[Result "1/2-1/2"]
[WhiteElo "2662"]
[BlackElo "2601"]
[EventDate "2025.11.01"]
[EventType "k.o."]

1. e4 c5 2. Nc3 d6 3. Nge2 Nf6 4. d4 cxd4 5. Nxd4 a6 6. Bc4 e6 7. O-O Be7
8. Re1 O-O 9. a4 Bd7 10. Be3 Nc6 11. Nxc6 Bxc6 12. a5 Rc8 13. Bb6 Qe8 14.
Bd3 Nd7 15. Bd4 Qd8 16. Qd2 Bf6 17. Bxf6 Qxf6 18. Bf1 Ne5 19. f4 Ng6 20. g3
Rfd8 21. Bg2 Qe7 22. Re3 Qc7 23. Kh1 Ne7 24. Rd3 h6 25. Rd1 d5 26. exd5
Nxd5 27. Nxd5 Bxd5 28. Bxd5 Rxd5 29. Rxd5 exd5 30. c3 Qc6 31. Qd4 Re8 32.
Kg1 Qb5 33. b4 Qe2 34. Qd3 Qb2 35. Rd2 Qc1+ 36. Rd1 Qb2 37. Rd2 Qc1+ 38.
Rd1 Qb2 39. Rd2 1/2-1/2

[Event "Coppa del Mondo FIDE 2025"]
[Site "Goa"]
[Date "06.11.2025"]
[Round "1G"]
[White "Svane, Rasmus"]
[Black "Mamedov, Rauf"]
[Result "1-0"]
[WhiteElo "2614"]
[BlackElo "2655"]
[EventDate "2025.11.01"]
[EventType "k.o."]

1. d4 Nf6 2. Nf3 d5 3. c4 e6 4. g3 c5 5. cxd5 exd5 6. Bg2 Nc6 7. O-O Be7 8.
dxc5 Bxc5 9. a3 a5 10. Nc3 O-O 11. Bg5 d4 12. Ne4 Be7 13. Bxf6 Bxf6 14. Qd2
Bf5 15. Qf4 Bxe4 16. Qxe4 Qb6 17. Rab1 Rfe8 18. Qd3 a4 19. b3 axb3 20. Rxb3
Qc5 21. Rfb1 Qe7 22. Rxb7 Qxe2 23. Qxe2 Rxe2 24. Rc7 Re6 25. Rc1 Ra6 26.
Nxd4 Re7 27. Rc8+ 1-0

[Event "Coppa del Mondo FIDE 2025"]
[Site "Goa"]
[Date "06.11.2025"]
[Round "1G"]
[White "Narayanan, S.L."]
[Black "Vitiugov, Nikita"]
[Result "1-0"]
[WhiteElo "2617"]
[BlackElo "2654"]
[EventDate "2025.11.01"]
[EventType "k.o."]

1. d4 Nf6 2. c4 e6 3. Nf3 d5 4. Nc3 Be7 5. Bg5 h6 6. Bh4 O-O 7. e3 b6 8.
Be2 dxc4 9. Bxc4 Bb7 10. O-O Nbd7 11. Qe2 Ne4 12. Bg3 Bd6 13. Rac1 Bxg3 14.
hxg3 c5 15. Rfd1 Qe7 16. Bb5 Ndf6 17. Nxe4 Bxe4 18. dxc5 bxc5 19. Bd3 Bxf3
20. Qxf3 Rab8 21. b3 Rfd8 22. Qf4 Rb6 23. Be2 Rxd1+ 24. Rxd1 Rb4 25. Qe5 a5
26. Rc1 Nd5 27. Bf3 f6 28. Qh5 Qf7 29. Qxf7+ Kxf7 30. Rxc5 a4 31. Bxd5 exd5
32. Rc3 axb3 33. Rxb3 Ra4 34. a3 g5 35. Kf1 h5 36. Ke2 Ke6 37. f3 Ke5 38.
Kd2 h4 39. g4 f5 40. gxf5 Kxf5 41. Ke2 g4 42. Rd3 Ra5 43. fxg4+ Kxg4 44.
Kf2 Kg5 45. Kf3 Rb5 46. Rd4 Rc5 47. a4 Ra5 48. Rb4 Kh5 49. Rb5 Rxa4 50.
Rxd5+ Kg6 51. Rd4 Ra1 52. Rxh4 Rf1+ 53. Kg3 Re1 54. Rg4+ Kf5 55. Rf4+ Ke5
56. Kf2 Ra1 57. g4 Ra2+ 58. Kf3 Ra1 59. Rf5+ Ke6 60. Rb5 Kf6 61. Rf5+ Kg6
62. e4 Re1 63. Kf4 Rg1 64. e5 Rf1+ 65. Ke4 Rg1 66. Rf4 Kg5 67. Rf8 Rxg4+
68. Kd5 Ra4 69. e6 Ra5+ 70. Kd6 Ra6+ 71. Ke7 Kg6 72. Rd8 Kg7 73. Rd6 Ra8
74. Rd2 Kg6 75. Rg2+ Kf5 76. Kf7 1-0

[Event "Coppa del Mondo FIDE 2025"]
[Site "Goa"]
[Date "06.11.2025"]
[Round "1G"]
[White "Adams, Michael"]
[Black "Cheparinov, Ivan"]
[Result "1/2-1/2"]
[WhiteElo "2646"]
[BlackElo "2626"]
[EventDate "2025.11.01"]
[EventType "k.o."]

1. e4 c5 2. Nf3 d6 3. Nc3 Nf6 4. d4 cxd4 5. Qxd4 Nc6 6. Qe3 g6 7. Bc4 Bg7
8. h3 O-O 9. O-O b6 10. Rd1 Bb7 11. a4 Rc8 12. Qe2 Nd7 13. Bg5 h6 14. Bh4
Nde5 15. Nxe5 Nxe5 16. Bb3 Nc6 17. Nd5 g5 18. Bg3 Nd4 19. Qd3 Nxb3 20. Qxb3
Rc5 21. c3 Re8 22. f3 Bxd5 23. Rxd5 Qc7 24. Rad1 Qc6 25. Bf2 Rc4 26. a5
bxa5 27. Rxa5 a6 28. Rda1 Ra8 29. Qa2 e6 30. Rxa6 Rxa6 31. Qxa6 Qxa6 32.
Rxa6 d5 33. exd5 exd5 34. Rd6 Ra4 35. Rxd5 Ra1+ 36. Kh2 Ra2 37. Rb5 Bxc3
38. bxc3 Rxf2 39. c4 Rc2 40. Rc5 Kg7 41. h4 gxh4 42. Kh3 Kg6 43. Rc8 Kh5
44. Rc6 Kg5 45. Rc5+ Kg6 46. Rc8 Kh5 47. c5 Rc1 48. Kh2 Rc2 49. c6 Kg6 50.
c7 Kh5 51. Kg1 h3 52. gxh3 Kh4 53. Kf1 Kxh3 54. Rh8 Rxc7 55. Rxh6+ Kg3 56.
Rf6 1/2-1/2

[Event "Coppa del Mondo FIDE 2025"]
[Site "Goa"]
[Date "06.11.2025"]
[Round "1G"]
[White "Martinez Alcantara, Jose Eduardo"]
[Black "Ivic, Velimir"]
[Result "1-0"]
[WhiteElo "2644"]
[BlackElo "2628"]
[EventDate "2025.11.01"]
[EventType "k.o."]

1. Nf3 d5 2. g3 Nf6 3. c4 e6 4. Bg2 Be7 5. O-O O-O 6. d3 c5 7. Ne5 Qc7 8.
f4 Rd8 9. Nc3 a6 10. cxd5 exd5 11. e4 dxe4 12. g4 Be6 13. g5 Nfd7 14. Nxd7
Qxd7 15. dxe4 Qd4+ 16. Qxd4 cxd4 17. Nd5 Bxd5 18. exd5 Nd7 19. Bd2 a5 20.
Rac1 Bc5 21. Rfe1 Kf8 22. Kf1 b6 23. a3 a4 24. f5 Bd6 25. Rc6 Bc5 26. f6
gxf6 27. gxf6 Nb8 28. Rc7 Na6 29. Rce7 Kg8 30. d6 Rab8 31. d7 Nc7 32. Bc6
Ne6 33. Ke2 d3+ 34. Kxd3 Bd4 35. R7xe6 fxe6 36. Kxd4 Kf7 37. Ke5 Rg8 38.
Kd6 Rg4 39. Kc7 1-0

[Event "Coppa del Mondo FIDE 2025"]
[Site "Goa"]
[Date "06.11.2025"]
[Round "1H"]
[White "Kuybokarov, Temur"]
[Black "Praggnanandhaa, R"]
[Result "0-1"]
[WhiteElo "2535"]
[BlackElo "2771"]
[EventDate "2025.11.01"]
[EventType "k.o."]

1. e4 e5 2. Nf3 Nc6 3. Bb5 a6 4. Ba4 Nge7 5. c3 Ng6 6. d4 exd4 7. cxd4 d5
8. exd5 Qxd5 9. Nc3 Qh5 10. O-O Bg4 11. d5 O-O-O 12. Bxc6 Bxf3 13. Qxf3
Qxf3 14. gxf3 bxc6 15. dxc6 Nh4 16. Bf4 Nxf3+ 17. Kg2 Nd4 18. Rac1 Bb4 19.
Na4 Bd6 20. Be3 Nf5 21. Ba7 Rhe8 22. Rc4 Re5 23. Nc3 Ne7 24. b4 Re8 25. a4
Nd5 26. Nxd5 Rxd5 27. Rb1 Rg5+ 28. Kh1 Rh5 29. h4 Ree5 30. b5 axb5 31. Rg4
g6 32. Bd4 Re2 33. axb5 f5 34. Ra1 Kd8 35. Bf6+ Ke8 36. Rd4 Be7 37. Rd7 Kf7
38. Bxe7 Rxe7 39. Re1 Rxd7 40. cxd7 Rxh4+ 41. Kg2 Rd4 0-1

[Event "Coppa del Mondo FIDE 2025"]
[Site "Goa"]
[Date "06.11.2025"]
[Round "1H"]
[White "Blohberger, Felix"]
[Black "Yu, Yangyi"]
[Result "1/2-1/2"]
[WhiteElo "2513"]
[BlackElo "2720"]
[EventDate "2025.11.01"]
[EventType "k.o."]

1. d4 Nf6 2. c4 e6 3. Nf3 d5 4. Nc3 Bb4 5. cxd5 exd5 6. Bg5 h6 7. Bh4 Bf5
8. e3 Nbd7 9. a3 Be7 10. Qb3 Nb6 11. Be2 O-O 12. O-O c6 13. a4 a5 14. Ne5
Ra7 15. Rad1 Nbd7 16. Nd3 Ne4 17. Bxe7 Qxe7 18. Nf4 Qb4 19. Qxb4 axb4 20.
Nxe4 Bxe4 21. Ra1 Rfa8 22. b3 b5 23. a5 Rxa5 24. Rxa5 Rxa5 25. Rc1 g5 26.
Nh5 Ra2 27. Bd1 Rb2 28. f3 Rb1 29. Rxb1 Bxb1 30. g4 Kf8 31. Kf2 Ke7 32. Ng3
c5 33. dxc5 Nxc5 34. Ke1 Kd6 35. Kd2 Ke5 36. Ne2 Ne6 37. Nc1 d4 38. Be2
dxe3+ 39. Kxe3 Nd4 40. Bd3 Bc2 41. Bxc2 Nxc2+ 42. Kd3 Nd4 43. Ke3 Nc2+ 44.
Kd3 Ne1+ 45. Ke2 Ng2 46. Nd3+ Kd4 47. Nxb4 Kc3 48. Nc6 Kxb3 49. Nd4+ Kc4
50. Nf5 Kc3 51. Nxh6 b4 52. Nxf7 b3 53. Nxg5 b2 54. Ne4+ Kc2 55. Nd2 Nf4+
56. Ke3 Nd5+ 57. Ke2 Nf4+ 58. Ke3 Nd5+ 59. Ke2 Nf4+ 1/2-1/2

[Event "Coppa del Mondo FIDE 2025"]
[Site "Goa"]
[Date "06.11.2025"]
[Round "1H"]
[White "Idani, Pouya"]
[Black "Karthikeyan, Murali"]
[Result "1-0"]
[WhiteElo "2601"]
[BlackElo "2662"]
[EventDate "2025.11.01"]
[EventType "k.o."]

1. e4 e5 2. Nf3 Nc6 3. Bc4 Nf6 4. d4 exd4 5. e5 d5 6. Bb5 Ne4 7. Nxd4 Bd7
8. Bxc6 bxc6 9. O-O Bc5 10. Be3 Bb6 11. f3 Ng5 12. f4 Ne4 13. Nd2 Nxd2 14.
Qxd2 c5 15. Nf3 d4 16. Bf2 Bf5 17. Rad1 Qd5 18. b3 O-O 19. c4 Qc6 20. Bg3
f6 21. Rde1 a5 22. a4 Rae8 23. Nh4 Bc8 24. f5 fxe5 25. Bxe5 Rf7 26. Qg5 Qh6
27. Qg3 c6 28. Bf4 1-0

[Event "Coppa del Mondo FIDE 2025"]
[Site "Goa"]
[Date "06.11.2025"]
[Round "1H"]
[White "Mamedov, Rauf"]
[Black "Svane, Rasmus"]
[Result "1-0"]
[WhiteElo "2655"]
[BlackElo "2614"]
[EventDate "2025.11.01"]
[EventType "k.o."]

1. e4 e5 2. Nf3 Nc6 3. Bb5 a6 4. Ba4 Nf6 5. Qe2 b5 6. Bb3 Bc5 7. c3 d6 8.
d3 Bb6 9. h3 Ne7 10. Nbd2 Ng6 11. Nf1 h6 12. g4 h5 13. g5 Nd7 14. d4 Ndf8
15. Be3 Ne6 16. O-O-O Nef4 17. Qc2 Bxh3 18. Bxf4 Nxf4 19. Ne3 exd4 20. cxd4
Bd7 21. e5 c5 22. Qe4 Ne2+ 23. Kb1 Nxd4 24. Nxd4 cxd4 25. Nd5 Rb8 26. g6
Be6 27. gxf7+ Kf8 28. Nf4 Bxb3 29. axb3 dxe5 30. Ne6+ 1-0

[Event "Coppa del Mondo FIDE 2025"]
[Site "Goa"]
[Date "06.11.2025"]
[Round "1H"]
[White "Vitiugov, Nikita"]
[Black "Narayanan, S.L."]
[Result "0-1"]
[WhiteElo "2654"]
[BlackElo "2617"]
[EventDate "2025.11.01"]
[EventType "k.o."]

1. Nf3 c5 2. b3 d5 3. e3 Nf6 4. Bb2 g6 5. c4 dxc4 6. bxc4 Bg7 7. Be2 O-O 8.
O-O b6 9. d3 Bb7 10. Nc3 Nc6 11. a3 Qd7 12. Qc2 Rad8 13. Rad1 Qc8 14. h3
Rfe8 15. Nd2 Qa8 16. f4 e5 17. f5 Ne7 18. fxg6 hxg6 19. e4 Nc6 20. Nd5 Nxd5
21. exd5 Nd4 22. Bxd4 exd4 23. Ne4 f5 24. Ng5 Bh6 25. h4 Qb8 26. Bf3 Bxg5
27. hxg5 Qg3 28. Qf2 Qxg5 29. g3 Re3 30. Kg2 Bc8 31. Rh1 f4 32. Rh4 fxg3
33. Qxg3 Qxg3+ 34. Kxg3 Rf8 35. Rf1 Rxd3 36. Kg2 Rd2+ 37. Kg1 Bf5 38. d6
Rd8 39. Re1 Kg7 0-1

[Event "Coppa del Mondo FIDE 2025"]
[Site "Goa"]
[Date "06.11.2025"]
[Round "1H"]
[White "Cheparinov, Ivan"]
[Black "Adams, Michael"]
[Result "1/2-1/2"]
[WhiteElo "2626"]
[BlackElo "2646"]
[EventDate "2025.11.01"]
[EventType "k.o."]

1. e4 e5 2. Nf3 Nc6 3. Bb5 a6 4. Ba4 Nf6 5. O-O Be7 6. Re1 b5 7. Bb3 d6 8.
c3 O-O 9. h3 Nb8 10. d4 Nbd7 11. Nbd2 Bb7 12. Bc2 Re8 13. Nb3 c5 14. d5 c4
15. Nbd2 Qc7 16. Nf1 a5 17. g4 Nc5 18. Ng3 b4 19. g5 Nfd7 20. Nh2 bxc3 21.
bxc3 Nd3 22. Bxd3 cxd3 23. Qxd3 Ba6 24. Qf3 Rac8 25. Bd2 Rb8 26. Nf5 Bf8
27. Ng4 Kh8 28. h4 Nc5 29. h5 Bc8 30. Be3 Nd3 31. Reb1 Bxf5 32. Qxf5 g6 33.
Qf3 Bg7 34. h6 Bf8 35. Bb6 Rxb6 36. Rxb6 Qxb6 37. Qxf7 Rb8 38. Qf6+ Kg8 39.
Qe6+ Kh8 40. Qf6+ Kg8 41. Qe6+ Kh8 42. Qf6+ 1/2-1/2

[Event "Coppa del Mondo FIDE 2025"]
[Site "Goa"]
[Date "06.11.2025"]
[Round "1H"]
[White "Ivic, Velimir"]
[Black "Martinez Alcantara, Jose Eduardo"]
[Result "1/2-1/2"]
[WhiteElo "2628"]
[BlackElo "2644"]
[EventDate "2025.11.01"]
[EventType "k.o."]

1. e4 e5 2. Nf3 Nc6 3. Bc4 Bc5 4. d3 Nf6 5. Bg5 h6 6. Bh4 d6 7. c3 a6 8.
O-O Ba7 9. Nbd2 O-O 10. a4 Be6 11. b4 Qe7 12. Re1 Nb8 13. d4 Nbd7 14. Bd3
g5 15. Bg3 Bg4 16. Qc2 Nh5 17. h3 Bxf3 18. Nxf3 Nxg3 19. fxg3 exd4 20. Nxd4
Qf6 21. Kh2 Bxd4 22. cxd4 Qxd4 23. Be2 Ne5 24. Rab1 Rac8 25. Bh5 Qc4 26.
Qf2 Qe6 27. Rf1 Kg7 28. Qd4 b5 29. Bg4 Qc4 30. Qxc4 Nxg4+ 31. hxg4 bxc4 32.
Rfc1 c5 33. b5 axb5 34. axb5 Rb8 35. Rxc4 Kf6 36. Ra4 Rb6 37. Ra7 Ke6 38.
Kg1 Rfb8 39. Rf1 R8b7 40. Ra8 Rb8 41. Ra7 R8b7 42. Ra8 Rb8 43. Rxb8 Rxb8
44. Rb1 c4 45. Kf2 c3 46. Ke3 c2 47. Rc1 Rxb5 48. Rxc2 Rb3+ 49. Kf2 Rb4 50.
Kf3 Rb3+ 51. Kf2 Rb4 1/2-1/2

[Event "Coppa del Mondo FIDE 2025"]
[Site "Goa"]
[Date "06.11.2025"]
[Round "1I"]
[White "Mamedov, Rauf"]
[Black "Svane, Rasmus"]
[Result "1-0"]
[WhiteElo "2655"]
[BlackElo "2614"]
[EventDate "2025.11.01"]
[EventType "k.o."]

1. e4 c6 2. Nf3 d5 3. e5 Bf5 4. d4 e6 5. Be2 Ne7 6. O-O Nd7 7. Nbd2 Ng6 8.
Nb3 f6 9. Re1 Be7 10. exf6 Nxf6 11. Bd3 O-O 12. Ne5 Nxe5 13. dxe5 Ne4 14.
f3 Bc5+ 15. Nxc5 Nxc5 16. Bf1 Nd7 17. c4 Qb6+ 18. Kh1 d4 19. b3 c5 20. Bg5
Rf7 21. Qd2 h6 22. Bh4 Bg6 23. Bd3 Bxd3 24. Qxd3 Rf5 25. Bg3 a5 26. a3 Qc6
27. Rab1 b6 28. b4 axb4 29. axb4 Rf7 30. b5 Qb7 31. Ra1 Nf8 32. h3 Qc8 33.
Qe4 Rfa7 34. Rad1 Qb7 35. Qg4 Qf7 36. Qe4 Qf5 37. Qc6 Rb8 38. Re4 Ng6 39.
Kh2 Qf7 40. Ree1 Ne7 41. Qe4 Ra4 42. Ra1 Rxc4 43. Ra7 Qe8 44. Rea1 Nd5 45.
Bh4 Rb4 46. Bf6 Qf8 47. Rxg7+ Qxg7 48. Bxg7 Kxg7 49. Ra7+ 1-0

[Event "Coppa del Mondo FIDE 2025"]
[Site "Goa"]
[Date "06.11.2025"]
[Round "1I"]
[White "Cheparinov, Ivan"]
[Black "Adams, Michael"]
[Result "0-1"]
[WhiteElo "2626"]
[BlackElo "2646"]
[EventDate "2025.11.01"]
[EventType "k.o."]

1. e4 e5 2. Nf3 Nc6 3. Bb5 a6 4. Ba4 Nf6 5. O-O Be7 6. Re1 b5 7. Bb3 O-O 8.
a4 b4 9. a5 d6 10. c3 Rb8 11. Bc4 h6 12. d4 bxc3 13. Nxc3 Bg4 14. d5 Nd4
15. Bxa6 Bxf3 16. gxf3 Nd7 17. Bf1 Nb3 18. Ra3 Nxc1 19. Qxc1 Bg5 20. Qc2
Bf4 21. Ne2 Qg5+ 22. Kh1 Bd2 23. Rd1 Bb4 24. Raa1 Bc5 25. Ng3 Qf4 26. Bg2
Rb4 27. a6 Ra8 28. Qe2 g6 29. Rdc1 h5 30. Rc2 Ra7 31. Nf1 Bd4 32. Ne3 Nc5
33. Nc4 Qh4 34. Na5 Rb6 35. Nc6 Raxa6 36. Rxa6 Rxa6 37. Bf1 Ra1 38. Rd2 Qf6
39. Rd1 Rxd1 40. Qxd1 Bxf2 41. b4 Nd7 42. Bh3 Nf8 43. Qe2 Bb6 44. Bc8 Qg5
45. Qf1 Kg7 46. Bh3 Nh7 47. Bg2 Qe3 48. Qd1 h4 49. Na5 Ng5 50. Nc4 Qf2 51.
Nxb6 Qxb6 52. Qd2 f6 53. h3 Nf7 54. Qc3 g5 55. Bf1 Nh8 56. Qc6 Nf7 57. Qxb6
cxb6 58. Bb5 Nh8 59. Be8 f5 60. exf5 Kf6 61. Bd7 Nf7 62. Kg2 Nh6 63. Kf2
Nxf5 64. Bb5 Nd4 65. Bd3 Nf5 66. Bb5 Ne7 67. Bc4 Ng6 68. Kg2 Nf4+ 69. Kh2
e4 70. fxe4 0-1